Les salaires minimums en Europe - Statistiques

Statistiques générales
  • Ce quiz a été pris 75 fois
  • Le résultat moyen est 3 sur 17
Statistiques - réponses
Hint Réponse % Correct
Luxembourg 13,80
42%
Espagne 06,55
30%
France 11,52
25%
Pays-Bas 11,75
22%
Belgique 11,85
22%
Ukraine 01,18
17%
Roumanie 03,64
16%
Royaume-Uni 11,14
16%
Allemagne 12,00
16%
Moldavie 01,19
14%
Russie 01,30
13%
Albanie 01,64
11%
Grèce 04,12
11%
Turquie 02,95
9%
Bulgarie 02,41
8%
Portugal 04,50
6%
Pologne 04,87
6%
Aucun quiz correspondant
Distribution des résultats
% des personnes avec chaque résultat
Percentile par nombre de réponses
Votre historique - résultats
Vous n’avez pas pris ce quiz